| 000 | 01096cam a2200217 4500 | ||
|---|---|---|---|
| 001 | WB3846-03 | ||
| 008 | 021211n2002 000 0 eng u | ||
| 035 | _a(Sirsi) u120732 | ||
| 245 | _aWeather proof building standards | ||
| 260 | _c2002 | ||
| 490 |
_aODPM News Release _v(146) 10 December 2002, (2) |
||
| 520 | _aGovernment publishes tougher regulations to provide better protection for new buildings from extreme weather, natural land contaminants and moisure. The relevant Building Regulations are Part C and these will be changed to take into account severe weather predictions from the UK Climate Impacts Programme. This consultation will also look at building regulations for developments on brownfield land. For the ODPM News Release: http://www.odpm.gov.uk/news/0212/0146.htm | ||
| 590 | _aWB | ||
| 650 | _aBUILDING STANDARDS | ||
| 650 | _aWEATHER PROOFING | ||
| 650 | _aBUILDING REGULATIONS 1991 APPROVED DOCUMENT C (1992 EDITION) | ||
| 650 | _aUK CLIMATE IMPACTS PROGRAMME | ||
| 650 | _aLAND CONTAMINATION | ||
| 690 | _aBUILT ENVIRONMENT-BUILDING STANDARDS | ||
| 942 | _n0 | ||
| 999 |
_c71743 _d71743 |
||